00253nam a2200097Ia 4500008004100000100002300041245002300064260004200087260000900129999001700138170620s9999 xx 000 0 und d aMukalel- Joseph C. 0aGandhian Education bNew Delhi- Discovery Publishing House c2004 c24365d24365